000
002930000a22001330004500
003
MACL
040
_a
MACL
090
_c
32683
_d
32681
100
_a
Gibson, Lindsay C.
245
_a
Who You Were Meant to Be
260
_b
Magna Publishing
_c
2002
650
_a
Education
942
_c
BOOK
_k
370/Gib
999
_c
32349
_d
32349